[Event "Denker Memorial 26th"]
[Site "Chess.com INT"]
[Date "2020.07.25"]
[Round "3"]
[White "Zhou, Iris"]
[Black "Wang, Alex"]
[Result "1/2-1/2"]
[WhiteElo "1855"]
[BlackElo "2112"]
[PlyCount "70"]
[EventDate "2020.07.25"]
[EventType "swiss"]
[EventRounds "6"]
[EventCountry "USA"]
[SourceTitle "EXT 2021"]
[Source "ChessBase"]
[SourceDate "2020.10.23"]
[SourceVersion "1"]
[SourceVersionDate "2020.10.23"]
[SourceQuality "1"]

1. e4 c5 2. Nf3 d6 3. d4 cxd4 4. Nxd4 Nf6 5. Nc3 a6 6. a4 e5 7. Nf3 Be7 8. Bc4 0-0 9. 0-0 Be6 10. Qe2 Qc7 11. Bb3 Nc6 12. Rd1 Rac8 13. Bg5 Na5 14. Nd2 Nxb3 15. cxb3 h6 16. Bxf6 Bxf6 17. Qd3 Bg5 18. Nc4 Bxc4 19. bxc4 Qxc4 20. Qxd6 Qb3 21. Nd5 Qxb2 22. Rab1 Qc2 23. Qxe5 Rce8 24. Qc7 Qxc7 25. Nxc7 Rxe4 26. a5 Ra4 27. Rxb7 Rxa5 28. Ra7 Bd8 29. g3 Bxc7 30. Rxc7 g6 31. Ra7 Ra2 32. Rd6 a5 33. Rda6 Kg7 34. Rxa5 Rxa5 35. Rxa5 h5 1/2-1/2

[Event "US Denker op 120th"]
[Site "Orlando"]
[Date "2019.08.04"]
[Round "3"]
[White "Tiglon, Bryce"]
[Black "Wang, Alex"]
[Result "1-0"]
[WhiteElo "2368"]
[BlackElo "2085"]
[PlyCount "77"]
[EventDate "2019.08.03"]
[EventType "swiss"]
[EventRounds "6"]
[EventCountry "USA"]
[SourceTitle "EXT 2020"]
[Source "ChessBase"]
[SourceDate "2019.10.17"]
[SourceVersion "1"]
[SourceVersionDate "2019.10.17"]
[SourceQuality "1"]

1. e4 c5 2. Nf3 d6 3. Bb5+ Nd7 4. d4 cxd4 5. Qxd4 a6 6. Bxd7+ Bxd7 7. c4 e5 8. Qd3 b5 9. Nc3 bxc4 10. Qxc4 Nf6 11. Bg5 Be7 12. 0-0 0-0 13. Rfd1 Be6 14. Qe2 Qb8 15. Rab1 Rc8 16. Ne1 h6 17. Bxf6 Bxf6 18. Nc2 Bd8 19. Ne3 Bb6 20. Ned5 Ra7 21. Nxb6 Qxb6 22. Rbc1 Rac7 23. h3 Rc4 24. Kh2 Kh7 25. Rd2 a5 26. Rcd1 R8c6 27. f3 a4 28. a3 Rd4 29. Rxd4 exd4 30. Nd5 Qc5 31. Qd3 Qc2 32. Qxd4 Rc4 33. Qd2 Bxd5 34. Qxd5 Rc5 35. Qxd6 Rg5 36. Rd2 Qc1 37. Qd3 g6 38. Qc3 Qf1 39. Qf6 1-0

[Event "Wch U14"]
[Site "Porto Carras"]
[Date "2018.10.30"]
[Round "11.24"]
[White "Gombocz, Ferenc Jr"]
[Black "Wang, Alex"]
[Result "1-0"]
[WhiteElo "2271"]
[BlackElo "2076"]
[PlyCount "59"]
[EventDate "2018.10.20"]
[EventType "swiss"]
[EventRounds "11"]
[EventCountry "GRE"]
[SourceTitle "CBM 187 Extra"]
[Source "ChessBase"]
[SourceDate "2018.11.04"]
[SourceVersion "1"]
[SourceVersionDate "2018.11.04"]
[SourceQuality "1"]

1. c4 Nf6 2. g3 g6 3. Bg2 Bg7 4. Nc3 0-0 5. e4 d6 6. Nge2 c5 7. 0-0 Nc6 8. d3 a6 9. h3 Rb8 10. a4 Ne8 11. Be3 Nc7 12. d4 cxd4 13. Nxd4 Ne6 14. Nde2 Nc5 15. Rb1 Nb4 16. b3 f5 17. Nd5 a5 18. Nxb4 axb4 19. Nf4 Nxe4 20. Bxe4 fxe4 21. Qd5+ Kh8 22. Rfd1 Qd7 23. g4 b5 24. cxb5 Be5 25. Ng2 Bb7 26. Qxe5+ Kg8 27. Qg5 Rf3 28. Nh4 Rf7 29. Nf5 Kf8 30. Ng3 1-0

[Event "Wch U14"]
[Site "Porto Carras"]
[Date "2018.10.29"]
[Round "10.22"]
[White "Wang, Alex"]
[Black "Cohen Revivo, Shoham"]
[Result "1/2-1/2"]
[WhiteElo "2076"]
[BlackElo "2289"]
[PlyCount "58"]
[EventDate "2018.10.20"]
[EventType "swiss"]
[EventRounds "11"]
[EventCountry "GRE"]
[SourceTitle "CBM 187 Extra"]
[Source "ChessBase"]
[SourceDate "2018.11.04"]
[SourceVersion "1"]
[SourceVersionDate "2018.11.04"]
[SourceQuality "1"]

1. e4 e6 2. d4 d5 3. Nd2 c5 4. exd5 Qxd5 5. Ngf3 cxd4 6. Bc4 Qd7 7. 0-0 Nc6 8. Nb3 Nf6 9. Nbxd4 Nxd4 10. Nxd4 a6 11. Re1 Qc7 12. Bb3 Bd6 13. Nf5 Bxh2+ 14. Kh1 0-0 15. Nxg7 Kxg7 16. Qd4 e5 17. Qh4 Ng4 18. f3 Qd8 19. Bg5 f6 20. fxg4 fxg5 21. Qxh2 Rf4 22. g3 Rf3 23. Rxe5 Qf6 24. Rae1 Rf1+ 25. Rxf1 Qxf1+ 26. Qg1 Qh3+ 27. Qh2 Qf1+ 28. Qg1 Qh3+ 29. Qh2 Qf1+ 1/2-1/2

[Event "Wch U14"]
[Site "Porto Carras"]
[Date "2018.10.27"]
[Round "8"]
[White "Wang, Alex"]
[Black "Ghazaryan, Raffi"]
[Result "1-0"]
[WhiteElo "2076"]
[BlackElo "1916"]
[PlyCount "143"]
[EventDate "2018.10.20"]
[EventType "swiss"]
[EventRounds "11"]
[EventCountry "GRE"]
[SourceTitle "CBM 187 Extra"]
[Source "ChessBase"]
[SourceDate "2018.11.04"]
[SourceVersion "1"]
[SourceVersionDate "2018.11.04"]
[SourceQuality "1"]

1. e4 c5 2. Nf3 e6 3. d4 cxd4 4. Nxd4 Nf6 5. Nc3 Nc6 6. Ndb5 Bb4 7. a3 Bxc3+ 8. Nxc3 d5 9. exd5 exd5 10. Bd3 0-0 11. 0-0 h6 12. h3 d4 13. Ne2 Re8 14. b4 Qd5 15. Bb2 Bf5 16. Bxf5 Qxf5 17. Nxd4 Nxd4 18. Bxd4 Rad8 19. c3 Nd5 20. Re1 Nf4 21. Qf3 g6 22. Bxa7 Kh7 23. Be3 Nd3 24. Qxf5 gxf5 25. Red1 f4 26. Bd4 Nb2 27. Re1 Nc4 28. a4 Kg6 29. a5 Kf5 30. g4+ Kg5 31. Kg2 f5 32. Bc5 Ne5 33. gxf5 Kxf5 34. Rad1 Rg8+ 35. Kh1 Nd3 36. Bb6 Rd7 37. Rg1 Rc8 38. b5 Rxc3 39. a6 bxa6 40. bxa6 Rc8 41. a7 Ra8 42. Rd2 Rb7 43. Rxd3 Rxb6 44. Rg7 Ke4 45. Ra3 Rb1+ 46. Kg2 Rb5 47. Re7+ Kf5 48. Kf3 Kg5 49. Re6 h5 50. Re7 Kf6 51. Rd7 Kf5 52. h4 Ke6 53. Rc7 Kf5 54. Rc6 Ke5 55. Rh6 Kd4 56. Ra4+ Kc3 57. Kxf4 Kb3 58. Raa6 Kc4 59. Rhg6 Kd3 60. Rg5 Rb7 61. Rxh5 Raxa7 62. Rxa7 Rxa7 63. Re5 Kd4 64. h5 Rh7 65. Rf5 Kc4 66. Kg5 Kd4 67. Kg6 Rh8 68. Kg7 Rd8 69. h6 Ke4 70. Rf8 Rd1 71. h7 Rg1+ 72. Kf7 1-0

[Event "Wch U14"]
[Site "Porto Carras"]
[Date "2018.10.24"]
[Round "6"]
[White "Kouvidis, Ioannis"]
[Black "Wang, Alex"]
[Result "1-0"]
[WhiteElo "1896"]
[BlackElo "2076"]
[PlyCount "71"]
[EventDate "2018.10.20"]
[EventType "swiss"]
[EventRounds "11"]
[EventCountry "GRE"]
[SourceTitle "CBM 187 Extra"]
[Source "ChessBase"]
[SourceDate "2018.11.04"]
[SourceVersion "1"]
[SourceVersionDate "2018.11.04"]
[SourceQuality "1"]

1. e4 c5 2. Nc3 Nc6 3. g3 g6 4. Bg2 Bg7 5. d3 e6 6. Be3 d6 7. Qd2 Rb8 8. Nge2 Nd4 9. Nd1 b5 10. Nc1 b4 11. c3 Nc6 12. Ne2 Ba6 13. f3 Qa5 14. 0-0 Nge7 15. Nf2 0-0 16. h4 bxc3 17. bxc3 Qa3 18. Rfb1 Rfe8 19. h5 f5 20. hxg6 Nxg6 21. Qc2 Nce5 22. f4 Nd7 23. Rb3 Qa5 24. Rxb8 Rxb8 25. Rb1 Ne7 26. Rxb8+ Nxb8 27. Qb3 Nbc6 28. Qxe6+ Kf8 29. exf5 Bc8 30. Qxd6 Qxa2 31. Bxc6 Bxf5 32. Qd8+ Kf7 33. Be8+ Ke6 34. Qd7+ Kf6 35. Qd6+ Be6 36. Qe5# 1-0